Návod na šťastný život : kniha, kterou jste měli dostat při narození /

Hlavní autor: Vitale, Joe, 1953-
Jazyk: Čeština
Vydáno: Praha : Ottovo nakladatelství, 2011
Témata:
Externí odkaz: Digitalizovaný dokument
Fyzický popis: 184 s. : il. (převážně barev.), 1 portrét ; 19 cm
Knihy
Uloženo v:
LEADER 01686nam a2200445 a 4500
001 nkc20112165713
003 CZ PrNK
005 20110802082733.0
007 ta
008 110210s2011 xr ac e f 001 0 cze
015 |a cnb002165713 
020 |a 978-80-7360-983-2  |q (váz.) 
035 |a (OCoLC)730407205 
040 |a BOA001  |b cze 
041 1 |a cze  |h eng 
072 7 |a 159.92  |x Vývojová psychologie. Individuální psychologie  |2 Konspekt  |9 17 
080 |a 17.024.4  |2 MRF 
080 |a 316.628  |2 MRF 
080 |a 159.923.5  |2 MRF 
080 |a (0.062)  |2 MRF 
100 1 |a Vitale, Joe,  |d 1953-  |7 mzk2008469399  |4 aut 
245 1 0 |a Návod na šťastný život :  |b kniha, kterou jste měli dostat při narození /  |c Joe Vitale ; [z anglického originálu ... přeložila Jana Pacnerová] 
260 |a Praha :  |b Ottovo nakladatelství,  |c 2011 
300 |a 184 s. :  |b il. (převážně barev.), 1 portrét ;  |c 19 cm 
500 |a Obsahuje rejstřík 
650 0 7 |a úspěch  |7 ph128351  |2 czenas 
650 0 7 |a seberealizace  |7 ph125451  |2 czenas 
650 0 7 |a sebevýchova  |7 ph125456  |2 czenas 
650 0 9 |a success  |2 eczenas 
650 0 9 |a self-realization  |2 eczenas 
650 0 9 |a self-culture  |2 eczenas 
655 7 |a populárně-naučné publikace  |7 fd131864  |2 czenas 
655 9 |a popular works  |2 eczenas 
765 0 |t Life's missing instruction manual  |9 Česky 
856 4 1 |u http://www.digitalniknihovna.cz/mzk/uuid/uuid:4a45c1e0-530c-11ea-a9e6-005056827e51  |y Digitalizovaný dokument  |x NDK 
910 2 |a BOA001  |b 1-1261.692 
990 |a BK 
995 |a 01 
991 |b 201103  |c NOV  |e n 
996 6 |b 2610469166  |c 1-1261.692  |l MZK  |r Sklad / do 1 hodiny  |n 3  |p p.v.  |w 001170737  |u 000010  |a 1  |e BOA001  |j MZK50  |s P